Introduction To Fluid Power (Record no. 325181)

MARC details
000 -LEADER
fixed length control field 00484nam a2200169Ia 4500
008 - FIXED-LENGTH DATA ELEMENTS--GENERAL INFORMATION
fixed length control field 230718s9999 xx 000 0 und d
020 ## - INTERNATIONAL STANDARD BOOK NUMBER
International Standard Book Number 9780766823655
041 ## - LANGUAGE CODE
Language code of text/sound track or separate title eng
082 ## - DEWEY DECIMAL CLASSIFICATION NUMBER
Classification number 621.2
Item number JOH
100 ## - MAIN ENTRY--PERSONAL NAME
Personal name Johnson J.L.
9 (RLIN) 173753
245 ## - TITLE STATEMENT
Title Introduction To Fluid Power
260 ## - PUBLICATION, DISTRIBUTION, ETC. (IMPRINT)
Date of publication, distribution, etc. 2002
Name of publisher, distributor, etc. Delmar Ceneage Learning
300 ## - PHYSICAL DESCRIPTION
Extent 502
Accompanying material [OBSOLETE, CAN/MARC] Ref 104 M (40124)
365 ## - TRADE PRICE
Currency code Rs.
Price amount 1266.00
700 ## - ADDED ENTRY--PERSONAL NAME
Personal name Johnson J.L.
9 (RLIN) 173753
906 ## - LOCAL DATA ELEMENT F, LDF (RLIN)
d O:0090513-Jul-2010B:236426-May-2010
c MECH
b 253.2
Holdings
Withdrawn status Lost status Source of classification or shelving scheme Damaged status Not for loan Home library Current library Date acquired Vendor Budget Code Cost, normal purchase price Bill number Total Checkouts Full call number Barcode Date last seen Date last checked out Discount Cost, replacement price Bill Date Koha item type Original Barcode
    Dewey Decimal Classification     Cummins College of Engineering for Women Pune Cummins College of Engineering for Women Pune 13/07/2010 Om Book Stall MECH 1012.80 2364 1 620.1'06 JOH CCEP-BK-36388 17/12/2025 04/08/2025 253.2 1266.00 26/05/2010 Books 036388